Brest | Choix Multiples - Statistiques

Statistiques générales
  • Ce quiz a été pris 35 fois
  • Le résultat moyen est 4 sur 10
Statistiques - réponses
Question Réponse % Correct
Ville française jumelée avec la ville Brest
68%
De quelle couleur sont les briques de la forteresse de Brest ? Rouge
61%
Le nom de Brest vient de "Bresta" qui signifie en ancien slave : "Écorce de _______" Bouleau
48%
Où est Brest sur cette carte ?
45%
À quoi met fin le Traité de Brest-Litovsk pendant la Première Guerre Mondiale, entre les empires centraux et la Russie ? La fin du front de l'est
45%
Quel pays voisin de la Biélorussie est aussi voisin de Brest ? Pologne
35%
Quel fleuve doit-on traverser pour rejoindre ce pays ? Le Boug
26%
Canal qui relie le nord de l'Europe jusqu'à la mer Noire, en passant par Brest. Canal Boug-Dniepr
23%
Depuis 2009, pour célébrer les 990 ans de la création de la ville, on y allume 17 réverbères à la main ainsi qu'un monument de la lumière. Quel animal y est représenté ? Une Chauve-souris
19%
Camp d'extermination n@zi se situant à 100 km à l'est de la ville, qui servait elle-même de gare pour amener les déportés Bronna Gora
10%
Aucun quiz correspondant
Distribution des résultats
% des personnes avec chaque résultat
Percentile par nombre de réponses
Votre historique - résultats
Vous n’avez pas pris ce quiz